书目信息 |
| 题名: |
热处理炉
|
|
| 作者: | 吉泽升 , 张雪龙 , 武云启 编著 | |
| 分册: | ||
| 出版信息: | 哈尔滨 哈尔滨船泊工程学院出版社 1999.01 |
|
| 页数: | 201页 | |
| 开本: | 26cm | |
| 丛书名: | ||
| 单 册: | ||
| 中图分类: | TG155.1 | |
| 科图分类: | ||
| 主题词: | 热处理 | |
| 电子资源: | ||
| ISBN: | 7-81007-890-9 | |
| 000 | 00671nam0 2200217 45 | |
| 001 | 0430342318 | |
| 005 | 2004092808254231 | |
| 010 | @a7-81007-890-9@d18.00CNY | |
| 100 | @a20040928d1999 km y0chiy0120 ea | |
| 101 | 0 | @achi |
| 102 | @aCN@b230000 | |
| 200 | 1 | @a热处理炉@ARe Chu Li Lu@f吉泽升,张雪龙,武云启编著@FJi Ze Sheng,Zhang Xue Long,Wu Yun Qi Bian Zhu |
| 210 | @a哈尔滨@c哈尔滨船泊工程学院出版社@d1999.01 | |
| 215 | @a201页@d26cm | |
| 606 | 0 | @a热处理 |
| 690 | @aTG155.1@v4 | |
| 701 | 0 | @a吉泽升@AJi Ze Sheng@4编著 |
| 701 | 0 | @a张雪龙@AZhang Xue Long@4编著 |
| 701 | 0 | @a武云启@AWu Yun Qi@4编著 |
| 801 | 0 | @aCN@bPFT@c20040928 |
| 905 | @a平顶山工学院@dTG155.1@eJ110 | |
| 热处理炉/吉泽升,张雪龙,武云启编著.-哈尔滨:哈尔滨船泊工程学院出版社,1999.01 |
| 201页;26cm |
| ISBN 7-81007-890-9:18.00CNY |
| ● |
| 相关链接 |
|
|
|
正题名:热处理炉
索取号:TG155.1/J110
 
预约/预借
| 序号 | 登录号 | 条形码 | 馆藏地/架位号 | 状态 | 备注 |
| 1 | 397094 | 203970943 | 自科库501/501自科库 25排1列5层/ [索取号:TG155.1/J110] | 在馆 | |
| 2 | 397095 | 203970952 | 能源与建筑环境工程学院资料室/201建筑库 103排7列1层/ [索取号:TG155.1/J110] | 在馆 | |
| 3 | 397096 | 203970961 | 能源与建筑环境工程学院资料室/201建筑库 103排7列1层/ [索取号:TG155.1/J110] | 在馆 | |
| 4 | 532633 | 205326333 | 自科库501/501自科库 25排1列5层/ [索取号:TG155.1/J110] | 在馆 |